| 000 | 00927nam a2200253 a 4500 | ||
|---|---|---|---|
| 001 | 69687 | ||
| 003 | BD-RjUL | ||
| 005 | 20211209081920.0 | ||
| 008 | 170413s1964 enka b 000 0 eng | ||
| 035 | _a(BD-RjUL)69899 | ||
| 040 |
_aDLC _cODaWU _dOCoLC _dUk _dDLC _dBD-RjUL _beng |
||
| 041 | _aeng | ||
| 082 |
_223 _a541.076 _bWON 1964 |
||
| 100 | 1 |
_aWolfenden, John Hulton. _9206414 |
|
| 245 | 1 | 0 |
_aNumerical problems in advanced physical chemistry / _cJ.H. Wolfenden, R.E. Richards and E.E. Richards. |
| 250 | _a2d ed. | ||
| 260 |
_aOxford : _bClarendon Press, _cc1964. |
||
| 300 |
_axvi, 258 p. : _bill. ; _c23 cm. |
||
| 504 | _aBibliographical references included in "Notes on the use of the book" (p. xv-xvi) | ||
| 650 | 0 |
_aChemistry, Physical and theoretical _xProblems, exercises, etc. _9206415 |
|
| 700 |
_aRichards, R.E. _qJoint authors _9206416 |
||
| 700 |
_aRichards, E.E. _qJoint authors _9206417 |
||
| 942 |
_2ddc _cBK |
||
| 999 |
_c69687 _d69687 |
||